[Event "EYCC 2024 - O16"]
[Site "?"]
[Date "2024.08.31"]
[Round "9.1"]
[White "Agasarov, Benik"]
[Black "Perea Fruet, Lorenzo"]
[Result "1-0"]
[BlackElo "2373"]
[WhiteElo "2387"]
[LiveChessVersion "1.4.8"]

1. d4 {[%clk 1:30:57]} Nf6 {[%clk 1:30:28]} 2. c4 {[%clk 1:31:19]} e6
{[%clk 1:30:54]} 3. Nf3 {[%clk 1:31:44]} d5 {[%clk 1:30:55]} 4. Nc3
{[%clk 1:31:52]} a6 {[%clk 1:30:36]} 5. cxd5 {[%clk 1:31:36]} exd5
{[%clk 1:31:01]} 6. Bg5 {[%clk 1:31:56]} Be6 {[%clk 1:31:09]} 7. e3
{[%clk 1:31:53]} Nbd7 {[%clk 1:30:59]} 8. Bd3 {[%clk 1:32:16]} Bd6
{[%clk 1:31:19]} 9. O-O {[%clk 1:31:53]} c6 {[%clk 1:30:36]} 10. Bf4
{[%clk 1:31:44]} Qc7 {[%clk 1:29:06]} 11. Bxd6 {[%clk 1:28:42]} Qxd6
{[%clk 1:29:34]} 12. h3 {[%clk 1:29:01]} O-O {[%clk 1:26:38]} 13. Qc2
{[%clk 1:28:12]} h6 {[%clk 1:25:08]} 14. Rab1 {[%clk 1:26:31]} Kh8
{[%clk 1:16:10]} 15. Nd2 {[%clk 1:19:44]} c5 {[%clk 1:07:05]} 16. dxc5
{[%clk 1:19:52]} Nxc5 {[%clk 1:06:59]} 17. Nf3 {[%clk 1:19:51]} Rac8
{[%clk 1:05:41]} 18. Rbd1 {[%clk 1:16:26]} Qb6 {[%clk 1:02:52]} 19. Nd4
{[%clk 1:02:26]} Nce4 {[%clk 0:58:17]} 20. Bxe4 {[%clk 0:53:35]} Nxe4
{[%clk 0:55:49]} 21. Nde2 {[%clk 0:49:01]} Nxc3 {[%clk 0:52:27]} 22. Nxc3
{[%clk 0:48:25]} d4 {[%clk 0:52:36]} 23. Rxd4 {[%clk 0:47:15]} Bxa2
{[%clk 0:52:40]} 24. Qd2 {[%clk 0:47:26]} Be6 {[%clk 0:50:58]} 25. Ne4
{[%clk 0:39:10]} Rc4 {[%clk 0:42:24]} 26. Rxc4 {[%clk 0:23:28]} Bxc4
{[%clk 0:42:45]} 27. Rd1 {[%clk 0:23:49]} Kg8 {[%clk 0:38:09]} 28. Qd4
{[%clk 0:20:06]} Qxd4 {[%clk 0:37:10]} 29. Rxd4 {[%clk 0:20:31]} Bb5
{[%clk 0:37:33]} 30. Nd6 {[%clk 0:17:52]} Bc6 {[%clk 0:37:44]} 31. e4
{[%clk 0:16:35]} f6 {[%clk 0:32:17]} 32. f3 {[%clk 0:15:48]} a5 {[%clk 0:29:16]}
33. Kf2 {[%clk 0:15:27]} Ra8 {[%clk 0:29:10]} 34. Ke3 {[%clk 0:15:16]} b5
{[%clk 0:28:20]} 35. Nf5 {[%clk 0:15:30]} Kf8 {[%clk 0:28:04]} 36. Rd6
{[%clk 0:15:51]} Be8 {[%clk 0:28:24]} 37. Rb6 {[%clk 0:16:01]} a4
{[%clk 0:27:14]} 38. Nd4 {[%clk 0:16:06]} a3 {[%clk 0:26:48]} 39. bxa3
{[%clk 0:16:13]} Rxa3+ {[%clk 0:27:17]} 40. Kf4 {[%clk 0:16:22]} Rd3
{[%clk 0:25:25]} 41. Ne6+ {[%clk 0:16:20]} Kf7 {[%clk 0:24:55]} 42. Nc5
{[%clk 0:16:18]} Rd2 {[%clk 0:20:27]} 43. Rb7+ {[%clk 0:16:38]} Kg8
{[%clk 0:20:45]} 44. g4 {[%clk 0:16:35]} Rd6 {[%clk 0:19:32]} 45. h4
{[%clk 0:15:34]} g5+ {[%clk 0:15:58]} 46. hxg5 {[%clk 0:15:50]} hxg5+
{[%clk 0:16:01]} 47. Kf5 {[%clk 0:07:36]} Bc6 {[%clk 0:15:31]} 48. Re7
{[%clk 0:07:29]} Kf8 {[%clk 0:14:53]} 49. Rc7 {[%clk 0:07:19]} Kg8
{[%clk 0:15:11]} 50. Rc8+ {[%clk 0:05:46]} Kf7 {[%clk 0:15:17]} 51. Rc7+
{[%clk 0:05:48]} Kg8 {[%clk 0:15:43]} 52. Ra7 {[%clk 0:05:19]} Kh8
{[%clk 0:14:26]} 53. Rf7 {[%clk 0:05:14]} b4 {[%clk 0:14:28]} 54. Rxf6
{[%clk 0:05:38]} Rxf6+ {[%clk 0:14:48]} 55. Kxf6 {[%clk 0:06:04]} Bb5
{[%clk 0:15:07]} 56. Kxg5 {[%clk 0:06:04]} Bc4 {[%clk 0:15:32]} 57. f4
{[%clk 0:06:27]} b3 {[%clk 0:15:56]} 58. Na4 {[%clk 0:06:53]} Kg7
{[%clk 0:16:09]} 59. e5 {[%clk 0:07:16]} Bb5 {[%clk 0:16:16]} 60. Nb2
{[%clk 0:07:42]} Be2 {[%clk 0:16:41]} 61. f5 {[%clk 0:07:37]} Kf8
{[%clk 0:17:03]} 62. Kf4 {[%clk 0:08:02]} Kf7 {[%clk 0:17:17]} 63. g5
{[%clk 0:08:29]} Bh5 {[%clk 0:17:32]} 64. e6+ {[%clk 0:08:41]} Kg7
{[%clk 0:17:51]} 65. Ke5 {[%clk 0:09:00]} Bg4 {[%clk 0:17:59]} 66. g6
{[%clk 0:08:43]} Be2 {[%clk 0:18:23]} 67. e7 {[%clk 0:08:29]} Bb5
{[%clk 0:18:49]} 68. Ke6 {[%clk 0:08:55]} Be8 {[%clk 0:19:16]} 69. Nc4
{[%clk 0:06:45]} Bb5 {[%clk 0:19:39]} 70. Ne5 {[%clk 0:04:08]} b2
{[%clk 0:20:06]} 71. f6+ {[%clk 0:04:35]} Kh6 {[%clk 0:20:33]} 72. f7
{[%clk 0:05:00]} b1=Q {[%clk 0:21:00]} 73. f8=Q+ {[%clk 0:05:26]} Kg5
{[%clk 0:21:23]} 74. Qf6+ {[%clk 0:05:50]} Kh5 {[%clk 0:21:42]} 75. Qf5+
{[%clk 0:05:54]} Qxf5+ {[%clk 0:22:05]} 76. Kxf5 {[%clk 0:06:22]} Kh6
{[%clk 0:22:21]} 77. Kf6 {[%clk 0:06:49]} Be8 {[%clk 0:22:45]} 78. Nf7+
{[%clk 0:07:14]} Kh5 {[%clk 0:23:02]} 79. g7 {[%clk 0:07:38]} Kh4
{[%clk 0:23:27]} 80. g8=Q {[%clk 0:08:01]} Kh5 {[%clk 0:23:53]} 81. Qg5#
{[%clk 0:08:26]} 1-0

[Event "EYCC 2024 - O16"]
[Site "?"]
[Date "2024.08.31"]
[Round "9.3"]
[White "Kvaloy, Aksel Bu"]
[Black "Perossa, Nicolas"]
[Result "1-0"]
[BlackElo "2187"]
[WhiteElo "2487"]
[LiveChessVersion "1.4.8"]

1. d4 {[%clk 1:30:53]} Nf6 {[%clk 1:30:55]} 2. c4 {[%clk 1:31:19]} e6
{[%clk 1:31:20]} 3. g3 {[%clk 1:31:44]} c5 {[%clk 1:31:47]} 4. d5
{[%clk 1:31:05]} exd5 {[%clk 1:32:12]} 5. cxd5 {[%clk 1:31:32]} d6
{[%clk 1:32:34]} 6. Nc3 {[%clk 1:31:52]} g6 {[%clk 1:33:00]} 7. Bg2
{[%clk 1:32:13]} Bg7 {[%clk 1:33:25]} 8. Nf3 {[%clk 1:32:36]} O-O
{[%clk 1:33:50]} 9. O-O {[%clk 1:33:00]} Re8 {[%clk 1:33:54]} 10. Bf4
{[%clk 1:33:08]} Na6 {[%clk 1:33:51]} 11. Nd2 {[%clk 1:25:57]} Nh5
{[%clk 1:22:02]} 12. Be3 {[%clk 1:25:17]} Nc7 {[%clk 1:08:32]} 13. a4
{[%clk 1:24:13]} b6 {[%clk 1:08:36]} 14. Nc4 {[%clk 1:07:02]} Ba6
{[%clk 1:06:18]} 15. Qb3 {[%clk 1:06:17]} Qd7 {[%clk 0:51:24]} 16. Bf3
{[%clk 1:04:36]} Rab8 {[%clk 0:40:46]} 17. Rfd1 {[%clk 0:46:38]} Bxc4
{[%clk 0:33:17]} 18. Qxc4 {[%clk 0:46:46]} a6 {[%clk 0:33:46]} 19. Bxh5
{[%clk 0:36:54]} gxh5 {[%clk 0:34:09]} 20. Qf4 {[%clk 0:36:03]} f5
{[%clk 0:21:47]} 21. Qf3 {[%clk 0:31:12]} Qf7 {[%clk 0:21:56]} 22. Bf4
{[%clk 0:31:25]} Rbd8 {[%clk 0:15:04]} 23. Ra3 {[%clk 0:30:37]} Bxc3
{[%clk 0:13:44]} 24. bxc3 {[%clk 0:26:52]} Re4 {[%clk 0:13:52]} 25. Qd3
{[%clk 0:26:32]} Qg6 {[%clk 0:07:44]} 26. e3 {[%clk 0:25:30]} h4 {[%clk 0:05:45]}
27. f3 {[%clk 0:24:21]} Re7 {[%clk 0:05:47]} 28. c4 {[%clk 0:23:35]} h5
{[%clk 0:02:51]} 29. Kf2 {[%clk 0:22:16]} Rg7 {[%clk 0:02:40]} 30. Rb3
{[%clk 0:18:54]} Rb8 {[%clk 0:01:21]} 31. Rg1 {[%clk 0:18:14]} Qf6
{[%clk 0:00:38]} 32. Rbb1 {[%clk 0:13:28]} hxg3+ {[%clk 0:00:35]} 33. hxg3
{[%clk 0:12:09]} h4 {[%clk 0:00:32]} 34. gxh4 {[%clk 0:11:27]} Qxh4+
{[%clk 0:00:54]} 35. Ke2 {[%clk 0:11:04]} Qf6 {[%clk 0:00:46]} 36. Rxg7+
{[%clk 0:11:26]} Kxg7 {[%clk 0:01:15]} 37. Rg1+ {[%clk 0:11:35]} Kf7
{[%clk 0:00:38]} 38. Rg5 {[%clk 0:06:13]} Ke7 {[%clk 0:01:04]} 39. Rxf5
{[%clk 0:05:28]} Qb2+ {[%clk 0:01:29]} 40. Qd2 {[%clk 0:04:47]} Qb3
{[%clk 0:01:54]} 41. Bg5+ {[%clk 0:04:51]} Kd7 {[%clk 0:01:45]} 42. Rf7+
{[%clk 0:04:41]} Kc8 {[%clk 0:02:14]} 43. Qd3 {[%clk 0:04:10]} Qa2+
{[%clk 0:01:20]} 44. Ke1 {[%clk 0:04:08]} Qa1+ {[%clk 0:01:10]} 45. Kf2
{[%clk 0:04:21]} Qe5 {[%clk 0:00:33]} 46. Qh7 {[%clk 0:03:43]} Rb7
{[%clk 0:00:34]} 47. Bf4 {[%clk 0:03:19]} Qb2+ {[%clk 0:00:40]} 48. Kg3
{[%clk 0:03:45]} Kb8 {[%clk 0:00:47]} 49. Rxc7 {[%clk 0:03:21]} Rxc7
{[%clk 0:01:07]} 50. Bxd6 {[%clk 0:03:46]} 1-0

[Event "EYCC 2024 - O16"]
[Site "?"]
[Date "2024.08.31"]
[Round "9.4"]
[White "Habans Aguerrea, Javier"]
[Black "Nemsadze, Daviti"]
[Result "1-0"]
[BlackElo "2192"]
[WhiteElo "2395"]
[LiveChessVersion "1.4.8"]

1. c4 {[%clk 1:30:56]} c5 {[%clk 1:30:58]} 2. Nf3 {[%clk 1:31:18]} Nc6
{[%clk 1:31:26]} 3. d4 {[%clk 1:31:41]} cxd4 {[%clk 1:31:51]} 4. Nxd4
{[%clk 1:32:09]} Nf6 {[%clk 1:32:17]} 5. Nc3 {[%clk 1:32:29]} e6 {[%clk 1:32:45]}
6. g3 {[%clk 1:32:51]} Qb6 {[%clk 1:33:12]} 7. Nb3 {[%clk 1:33:10]} Ne5
{[%clk 1:27:08]} 8. e4 {[%clk 1:32:31]} Bb4 {[%clk 1:17:34]} 9. Qe2
{[%clk 1:32:41]} Qc6 {[%clk 1:15:41]} 10. Bd2 {[%clk 1:11:18]} d6
{[%clk 0:50:20]} 11. f4 {[%clk 1:06:13]} Ned7 {[%clk 0:50:29]} 12. Bg2
{[%clk 1:04:47]} e5 {[%clk 0:49:36]} 13. Nb5 {[%clk 0:57:46]} Bxd2+
{[%clk 0:47:38]} 14. Qxd2 {[%clk 0:54:34]} O-O {[%clk 0:46:01]} 15. Nxd6
{[%clk 0:51:30]} Rd8 {[%clk 0:44:36]} 16. O-O {[%clk 0:46:37]} Nc5
{[%clk 0:43:26]} 17. fxe5 {[%clk 0:45:43]} Nxb3 {[%clk 0:43:32]} 18. axb3
{[%clk 0:45:58]} Ng4 {[%clk 0:39:00]} 19. Qd4 {[%clk 0:33:48]} Be6
{[%clk 0:27:06]} 20. c5 {[%clk 0:31:07]} Bxb3 {[%clk 0:25:40]} 21. h3
{[%clk 0:30:49]} Nh6 {[%clk 0:25:59]} 22. g4 {[%clk 0:24:17]} Kh8
{[%clk 0:21:42]} 23. g5 {[%clk 0:24:25]} Ng8 {[%clk 0:22:10]} 24. e6
{[%clk 0:24:04]} Bxe6 {[%clk 0:22:34]} 25. Rxf7 {[%clk 0:23:47]} Nf6
{[%clk 0:22:48]} 26. Rxf6 {[%clk 0:23:32]} gxf6 {[%clk 0:22:58]} 27. Qxf6+
{[%clk 0:23:59]} Kg8 {[%clk 0:23:26]} 28. Qxe6+ {[%clk 0:23:37]} 1-0

[Event "EYCC 2024 - O16"]
[Site "?"]
[Date "2024.08.31"]
[Round "9.5"]
[White "Erten, Kerem"]
[Black "Zielonka, Adam"]
[Result "1/2-1/2"]
[BlackElo "2253"]
[WhiteElo "2331"]
[LiveChessVersion "1.4.8"]

1. e4 {[%clk 1:30:35]} c5 {[%clk 1:30:08]} 2. Nf3 {[%clk 1:30:58]} e6
{[%clk 1:30:33]} 3. d4 {[%clk 1:31:15]} cxd4 {[%clk 1:30:58]} 4. Nxd4
{[%clk 1:31:42]} Nc6 {[%clk 1:31:24]} 5. Nc3 {[%clk 1:31:52]} Qc7
{[%clk 1:31:50]} 6. g3 {[%clk 1:31:38]} a6 {[%clk 1:32:11]} 7. Bg2
{[%clk 1:31:39]} Nf6 {[%clk 1:32:13]} 8. O-O {[%clk 1:31:45]} Nxd4
{[%clk 1:32:39]} 9. Qxd4 {[%clk 1:32:11]} Bc5 {[%clk 1:33:04]} 10. Bf4
{[%clk 1:31:56]} d6 {[%clk 1:33:17]} 11. Qd2 {[%clk 1:32:12]} h6 {[%clk 1:33:25]}
12. Rad1 {[%clk 1:31:40]} e5 {[%clk 1:33:47]} 13. Be3 {[%clk 1:32:06]} Be6
{[%clk 1:33:50]} 14. Bxc5 {[%clk 1:32:23]} dxc5 {[%clk 1:34:15]} 15. Nd5
{[%clk 1:32:48]} Bxd5 {[%clk 1:34:41]} 16. exd5 {[%clk 1:33:15]} Qd6
{[%clk 1:34:56]} 17. Rfe1 {[%clk 1:33:03]} O-O {[%clk 1:34:08]} 18. Re3
{[%clk 1:33:30]} Rad8 {[%clk 1:27:05]} 19. a4 {[%clk 1:26:47]} Rfe8
{[%clk 1:17:27]} 20. a5 {[%clk 1:23:10]} c4 {[%clk 1:13:07]} 21. b3
{[%clk 1:16:31]} Rc8 {[%clk 1:09:01]} 22. Bf1 {[%clk 0:53:08]} cxb3
{[%clk 1:06:06]} 23. Rxb3 {[%clk 0:52:39]} Qc5 {[%clk 0:58:00]} 24. Rxb7
{[%clk 0:47:08]} Ne4 {[%clk 0:53:21]} 25. Qe3 {[%clk 0:44:50]} Qxc2
{[%clk 0:35:54]} 26. Re1 {[%clk 0:44:05]} Nd6 {[%clk 0:35:38]} 27. Rb6
{[%clk 0:39:19]} Nf5 {[%clk 0:28:25]} 28. Qe4 {[%clk 0:29:36]} Qd2
{[%clk 0:24:21]} 29. Reb1 {[%clk 0:14:35]} Nd4 {[%clk 0:23:06]} 30. Qe3
{[%clk 0:11:49]} Qxa5 {[%clk 0:20:47]} 31. d6 {[%clk 0:11:41]} Rcd8
{[%clk 0:19:04]} 32. Rxa6 {[%clk 0:11:27]} Qc5 {[%clk 0:17:33]} 33. Rc1
{[%clk 0:11:13]} Qd5 {[%clk 0:14:19]} 34. Bg2 {[%clk 0:09:37]} Qb5
{[%clk 0:14:34]} 35. Bf1 {[%clk 0:09:09]} Qd5 {[%clk 0:10:54]} 36. Bg2
{[%clk 0:09:34]} Qb5 {[%clk 0:11:18]} 37. Bf1 {[%clk 0:09:52]} Qd5
{[%clk 0:08:17]} 1/2-1/2

[Event "EYCC 2024 - O16"]
[Site "?"]
[Date "2024.08.31"]
[Round "9.6"]
[White "Magold, Filip"]
[Black "Pashikyan, Rudolf"]
[Result "1-0"]
[BlackElo "2186"]
[WhiteElo "2425"]
[LiveChessVersion "1.4.8"]

1. Nf3 {[%clk 1:30:36]} d5 {[%clk 1:30:52]} 2. e3 {[%clk 1:31:05]} c5
{[%clk 1:30:53]} 3. b3 {[%clk 1:31:29]} Nc6 {[%clk 1:30:52]} 4. Bb2
{[%clk 1:31:48]} a6 {[%clk 1:31:14]} 5. d4 {[%clk 1:31:21]} Nf6 {[%clk 1:26:38]}
6. Be2 {[%clk 1:31:45]} Bf5 {[%clk 1:25:47]} 7. O-O {[%clk 1:31:04]} e6
{[%clk 1:21:54]} 8. Nbd2 {[%clk 1:30:53]} cxd4 {[%clk 1:21:43]} 9. Nxd4
{[%clk 1:31:15]} Nxd4 {[%clk 1:22:04]} 10. Bxd4 {[%clk 1:31:43]} Bd6
{[%clk 1:16:43]} 11. c4 {[%clk 1:31:55]} O-O {[%clk 1:09:35]} 12. cxd5
{[%clk 1:32:05]} exd5 {[%clk 1:09:59]} 13. Nf3 {[%clk 1:28:05]} Ne4
{[%clk 1:09:30]} 14. Bb2 {[%clk 1:26:24]} Rc8 {[%clk 1:06:15]} 15. Qd4
{[%clk 1:24:18]} Nf6 {[%clk 1:06:43]} 16. Rac1 {[%clk 1:19:02]} Qe7
{[%clk 1:02:37]} 17. Rfd1 {[%clk 0:59:20]} Bc2 {[%clk 1:00:20]} 18. Rd2
{[%clk 0:53:58]} Be4 {[%clk 1:00:42]} 19. Rxc8 {[%clk 0:52:35]} Rxc8
{[%clk 1:01:07]} 20. Bd3 {[%clk 0:45:07]} Rc6 {[%clk 0:48:57]} 21. h3
{[%clk 0:41:25]} Bc7 {[%clk 0:36:43]} 22. Ng5 {[%clk 0:32:04]} Bb6
{[%clk 0:25:07]} 23. Qa4 {[%clk 0:25:23]} Bxd3 {[%clk 0:11:59]} 24. Rxd3
{[%clk 0:25:46]} h6 {[%clk 0:12:24]} 25. Nf3 {[%clk 0:23:33]} Qe4
{[%clk 0:12:05]} 26. Ne1 {[%clk 0:13:25]} d4 {[%clk 0:12:29]} 27. f3
{[%clk 0:12:58]} Qf5 {[%clk 0:10:18]} 28. e4 {[%clk 0:09:32]} Qf4
{[%clk 0:07:13]} 29. Bxd4 {[%clk 0:08:10]} Qh4 {[%clk 0:02:41]} 30. Rd1
{[%clk 0:05:35]} Rd6 {[%clk 0:02:24]} 31. Nc2 {[%clk 0:06:01]} Nh5
{[%clk 0:00:40]} 32. Qe8+ {[%clk 0:02:11]} Kh7 {[%clk 0:01:10]} 33. Qe5
{[%clk 0:02:34]} Rg6 {[%clk 0:00:41]} 34. Bxb6 {[%clk 0:02:14]} Rxb6
{[%clk 0:00:43]} 35. Ne3 {[%clk 0:01:57]} Rg6 {[%clk 0:01:03]} 36. Ng4
{[%clk 0:01:48]} Ng3 {[%clk 0:00:42]} 37. Kh2 {[%clk 0:01:58]} Ne2
{[%clk 0:01:08]} 38. g3 {[%clk 0:01:42]} Qg5 {[%clk 0:01:02]} 39. Qxg5
{[%clk 0:02:08]} Rxg5 {[%clk 0:01:28]} 40. Rd2 {[%clk 0:01:59]} Nc3
{[%clk 0:01:53]} 41. Ne3 {[%clk 0:01:21]} Ra5 {[%clk 0:00:41]} 42. a4
{[%clk 0:01:35]} Rc5 {[%clk 0:01:10]} 43. Rc2 {[%clk 0:01:41]} Kg6
{[%clk 0:00:57]} 44. h4 {[%clk 0:01:21]} Rc6 {[%clk 0:01:06]} 45. Nc4
{[%clk 0:01:46]} Rxc4 {[%clk 0:01:14]} 46. bxc4 {[%clk 0:02:12]} Nxa4
{[%clk 0:01:43]} 47. c5 {[%clk 0:02:34]} a5 {[%clk 0:01:49]} 48. c6
{[%clk 0:02:50]} bxc6 {[%clk 0:02:15]} 49. Rxc6+ {[%clk 0:03:16]} f6
{[%clk 0:02:24]} 50. Ra6 {[%clk 0:03:31]} Nc5 {[%clk 0:02:28]} 51. Rxa5
{[%clk 0:03:57]} Nd3 {[%clk 0:02:55]} 52. Kg2 {[%clk 0:03:49]} Kf7
{[%clk 0:03:07]} 53. f4 {[%clk 0:04:13]} Nb4 {[%clk 0:03:23]} 54. Ra7+
{[%clk 0:04:33]} Kf8 {[%clk 0:03:44]} 55. Rc7 {[%clk 0:04:58]} Kg8
{[%clk 0:02:48]} 56. Kf3 {[%clk 0:05:14]} Kh7 {[%clk 0:03:11]} 57. Ke3
{[%clk 0:05:35]} f5 {[%clk 0:03:37]} 58. Rc4 {[%clk 0:05:59]} Na6
{[%clk 0:03:56]} 59. exf5 {[%clk 0:06:21]} h5 {[%clk 0:04:14]} 60. Ke4
{[%clk 0:06:37]} 1-0

[Event "EYCC 2024 - O16"]
[Site "?"]
[Date "2024.08.31"]
[Round "9.7"]
[White "Tabuenca Mendataurigoitia, Daniel"]
[Black "Ljepic, Andrej"]
[Result "0-1"]
[BlackElo "2275"]
[WhiteElo "2431"]
[LiveChessVersion "1.4.8"]

1. e4 {[%clk 1:30:58]} e6 {[%clk 1:28:00]} 2. d4 {[%clk 1:31:14]} d5
{[%clk 1:28:23]} 3. Nc3 {[%clk 1:31:34]} Bb4 {[%clk 1:28:44]} 4. Nge2
{[%clk 1:31:51]} dxe4 {[%clk 1:27:32]} 5. a3 {[%clk 1:32:02]} Be7
{[%clk 1:27:09]} 6. Nxe4 {[%clk 1:32:21]} Nf6 {[%clk 1:27:33]} 7. Nxf6+
{[%clk 1:32:19]} Bxf6 {[%clk 1:27:55]} 8. Be3 {[%clk 1:32:38]} O-O
{[%clk 1:24:47]} 9. Qd2 {[%clk 1:29:03]} c5 {[%clk 1:18:10]} 10. O-O-O
{[%clk 1:25:03]} cxd4 {[%clk 1:16:43]} 11. Nxd4 {[%clk 1:24:24]} a6
{[%clk 1:12:43]} 12. Be2 {[%clk 1:18:51]} Qc7 {[%clk 1:08:25]} 13. Nb3
{[%clk 1:11:09]} Nc6 {[%clk 1:04:01]} 14. Qd6 {[%clk 1:10:20]} Qxd6
{[%clk 1:01:27]} 15. Rxd6 {[%clk 1:09:49]} Be7 {[%clk 1:01:18]} 16. Rd2
{[%clk 1:09:03]} e5 {[%clk 0:57:40]} 17. Bf3 {[%clk 0:58:06]} Bf5
{[%clk 0:47:32]} 18. Bxc6 {[%clk 0:45:02]} bxc6 {[%clk 0:47:27]} 19. Re1
{[%clk 0:45:10]} Rfe8 {[%clk 0:42:03]} 20. Na5 {[%clk 0:36:13]} Rac8
{[%clk 0:32:02]} 21. Kb1 {[%clk 0:26:41]} f6 {[%clk 0:29:31]} 22. Ka2
{[%clk 0:22:20]} Be6+ {[%clk 0:24:04]} 23. b3 {[%clk 0:22:13]} c5
{[%clk 0:22:08]} 24. c4 {[%clk 0:17:59]} Rc7 {[%clk 0:21:23]} 25. Red1
{[%clk 0:16:41]} Kf7 {[%clk 0:20:08]} 26. f3 {[%clk 0:15:03]} h5 {[%clk 0:18:45]}
27. Kb2 {[%clk 0:13:46]} Rec8 {[%clk 0:12:18]} 28. Kc3 {[%clk 0:12:21]} g5
{[%clk 0:12:42]} 29. g3 {[%clk 0:08:07]} h4 {[%clk 0:10:17]} 30. g4
{[%clk 0:08:06]} e4 {[%clk 0:09:22]} 31. Rf1 {[%clk 0:07:05]} exf3
{[%clk 0:09:09]} 32. h3 {[%clk 0:07:29]} f5 {[%clk 0:08:31]} 33. Rd5
{[%clk 0:01:00]} Bf6+ {[%clk 0:07:59]} 34. Kd3 {[%clk 0:01:22]} Bxd5
{[%clk 0:07:38]} 35. cxd5 {[%clk 0:01:48]} Rd7 {[%clk 0:06:42]} 36. Kc4
{[%clk 0:02:00]} Re8 {[%clk 0:06:47]} 37. Rxf3 {[%clk 0:02:10]} Re4+
{[%clk 0:04:10]} 38. Kxc5 {[%clk 0:02:35]} f4 {[%clk 0:04:05]} 39. Bf2
{[%clk 0:02:14]} Be7+ {[%clk 0:04:18]} 40. Kc6 {[%clk 0:01:44]} Rd6+
{[%clk 0:04:43]} 41. Kb7 {[%clk 0:02:09]} Rxd5 {[%clk 0:05:05]} 42. Nc4
{[%clk 0:02:32]} a5 {[%clk 0:05:00]} 43. a4 {[%clk 0:02:54]} Bb4 {[%clk 0:04:22]}
44. Kc6 {[%clk 0:02:47]} Ke6 {[%clk 0:04:18]} 45. Bb6 {[%clk 0:02:45]} Rd1
{[%clk 0:03:18]} 46. Kb5 {[%clk 0:02:33]} Kd5 {[%clk 0:03:19]} 47. Bd8
{[%clk 0:02:34]} Rxc4 {[%clk 0:03:31]} 48. bxc4+ {[%clk 0:02:54]} Ke4
{[%clk 0:03:58]} 0-1

[Event "EYCC 2024 - O16"]
[Site "?"]
[Date "2024.08.31"]
[Round "9.9"]
[White "Musial, Igor"]
[Black "Bodrogi, Bendeguz"]
[Result "0-1"]
[BlackElo "2353"]
[WhiteElo "2142"]
[LiveChessVersion "1.4.8"]

1. e4 {[%clk 1:30:59]} c6 {[%clk 1:30:49]} 2. d4 {[%clk 1:31:25]} d5
{[%clk 1:31:10]} 3. exd5 {[%clk 1:31:52]} cxd5 {[%clk 1:31:28]} 4. Bd3
{[%clk 1:32:19]} Nf6 {[%clk 1:31:42]} 5. h3 {[%clk 1:32:47]} Nc6 {[%clk 1:32:00]}
6. c3 {[%clk 1:33:13]} g6 {[%clk 1:32:21]} 7. Nf3 {[%clk 1:33:26]} Bf5
{[%clk 1:32:41]} 8. O-O {[%clk 1:33:44]} Bxd3 {[%clk 1:32:19]} 9. Qxd3
{[%clk 1:34:07]} e6 {[%clk 1:31:58]} 10. Re1 {[%clk 1:34:12]} Qc7
{[%clk 1:31:44]} 11. Be3 {[%clk 1:34:33]} Bg7 {[%clk 1:31:44]} 12. Nbd2
{[%clk 1:34:48]} O-O {[%clk 1:31:59]} 13. Re2 {[%clk 1:28:05]} Rfc8
{[%clk 1:23:11]} 14. Nb3 {[%clk 1:23:15]} Ne4 {[%clk 1:16:14]} 15. Nfd2
{[%clk 1:18:51]} Nxd2 {[%clk 1:07:37]} 16. Qxd2 {[%clk 1:18:59]} Na5
{[%clk 1:05:51]} 17. Nxa5 {[%clk 1:17:46]} Qxa5 {[%clk 1:06:12]} 18. Bh6
{[%clk 1:18:11]} b5 {[%clk 0:55:58]} 19. a3 {[%clk 1:16:55]} Bxh6
{[%clk 0:54:14]} 20. Qxh6 {[%clk 1:17:20]} Qd8 {[%clk 0:54:35]} 21. h4
{[%clk 1:15:29]} a5 {[%clk 0:52:44]} 22. Re3 {[%clk 1:10:33]} b4 {[%clk 0:50:38]}
23. h5 {[%clk 0:56:38]} bxc3 {[%clk 0:49:48]} 24. hxg6 {[%clk 0:57:04]} hxg6
{[%clk 0:49:41]} 25. Rh3 {[%clk 0:57:09]} Qf6 {[%clk 0:49:57]} 26. bxc3
{[%clk 0:57:21]} Rab8 {[%clk 0:45:53]} 27. Rc1 {[%clk 0:49:28]} Qg7
{[%clk 0:45:19]} 28. Qxg7+ {[%clk 0:49:37]} Kxg7 {[%clk 0:45:40]} 29. c4
{[%clk 0:49:01]} Rxc4 {[%clk 0:45:19]} 30. Rxc4 {[%clk 0:49:26]} dxc4
{[%clk 0:45:40]} 31. Rc3 {[%clk 0:49:55]} Rc8 {[%clk 0:21:52]} 32. Kf1
{[%clk 0:49:51]} Kf6 {[%clk 0:22:11]} 33. Ke2 {[%clk 0:50:05]} Ke7
{[%clk 0:20:58]} 34. Kd2 {[%clk 0:48:56]} Kd6 {[%clk 0:19:34]} 35. Rf3
{[%clk 0:49:02]} Rc7 {[%clk 0:17:03]} 36. Rg3 {[%clk 0:42:57]} Rb7
{[%clk 0:15:33]} 37. Rg5 {[%clk 0:42:18]} f5 {[%clk 0:07:14]} 38. Rxg6
{[%clk 0:42:26]} Kd5 {[%clk 0:07:21]} 39. Rg8 {[%clk 0:42:47]} Rb2+
{[%clk 0:07:43]} 40. Kc3 {[%clk 0:43:04]} Rb3+ {[%clk 0:08:09]} 41. Kc2
{[%clk 0:42:55]} Kxd4 {[%clk 0:08:22]} 42. Rd8+ {[%clk 0:43:20]} Ke5
{[%clk 0:08:39]} 43. a4 {[%clk 0:42:11]} Ra3 {[%clk 0:09:04]} 44. g3
{[%clk 0:42:34]} Rxa4 {[%clk 0:08:28]} 45. f4+ {[%clk 0:42:59]} Ke4
{[%clk 0:08:30]} 46. Rd6 {[%clk 0:41:30]} Kf3 {[%clk 0:08:54]} 0-1

[Event "EYCC 2024 - O16"]
[Site "?"]
[Date "2024.08.31"]
[Round "9.10"]
[White "Kuhn, Clement"]
[Black "Prazak, Daniel"]
[Result "1/2-1/2"]
[BlackElo "2261"]
[WhiteElo "2344"]
[LiveChessVersion "1.4.8"]

1. e4 {[%clk 1:30:54]} e6 {[%clk 1:30:31]} 2. d4 {[%clk 1:30:56]} d5
{[%clk 1:30:42]} 3. Nd2 {[%clk 1:31:21]} c5 {[%clk 1:30:19]} 4. Ngf3
{[%clk 1:31:21]} cxd4 {[%clk 1:29:46]} 5. exd5 {[%clk 1:29:40]} Qxd5
{[%clk 1:29:34]} 6. Bc4 {[%clk 1:29:51]} Qd6 {[%clk 1:29:12]} 7. Qe2
{[%clk 1:29:59]} Nf6 {[%clk 1:27:22]} 8. Nb3 {[%clk 1:29:57]} Nc6
{[%clk 1:25:37]} 9. Bg5 {[%clk 1:30:17]} e5 {[%clk 1:16:20]} 10. O-O-O
{[%clk 1:27:26]} Bg4 {[%clk 1:10:26]} 11. Bb5 {[%clk 1:19:18]} O-O-O
{[%clk 0:55:44]} 12. h3 {[%clk 0:58:24]} Bxf3 {[%clk 0:53:31]} 13. Qxf3
{[%clk 0:58:50]} Be7 {[%clk 0:47:14]} 14. Rhe1 {[%clk 0:52:52]} Nd5
{[%clk 0:38:15]} 15. Bxe7 {[%clk 0:48:54]} Ncxe7 {[%clk 0:36:20]} 16. Qg4+
{[%clk 0:45:53]} Kb8 {[%clk 0:35:39]} 17. Qxg7 {[%clk 0:46:12]} f6
{[%clk 0:35:28]} 18. Qh6 {[%clk 0:45:04]} Nf4 {[%clk 0:31:26]} 19. Qg7
{[%clk 0:34:07]} Ned5 {[%clk 0:25:05]} 20. g3 {[%clk 0:29:31]} Nxh3
{[%clk 0:24:24]} 21. Rd2 {[%clk 0:29:54]} Nxf2 {[%clk 0:20:39]} 22. Bc4
{[%clk 0:28:29]} Rhg8 {[%clk 0:15:56]} 23. Qxh7 {[%clk 0:23:27]} Ng4
{[%clk 0:15:51]} 24. Na5 {[%clk 0:21:29]} Qc7 {[%clk 0:12:26]} 25. Qxc7+
{[%clk 0:21:42]} Kxc7 {[%clk 0:12:52]} 26. c3 {[%clk 0:18:36]} Nge3
{[%clk 0:09:43]} 27. cxd4 {[%clk 0:16:16]} exd4 {[%clk 0:09:01]} 28. Rxd4
{[%clk 0:14:07]} Rxg3 {[%clk 0:09:05]} 29. Bb3 {[%clk 0:10:11]} f5
{[%clk 0:04:52]} 30. Nc4 {[%clk 0:10:19]} f4 {[%clk 0:04:17]} 31. Nxe3
{[%clk 0:09:46]} Nxe3 {[%clk 0:03:21]} 32. Rxf4 {[%clk 0:10:11]} Rd7
{[%clk 0:02:33]} 33. Kb1 {[%clk 0:10:17]} a6 {[%clk 0:01:05]} 34. Re4
{[%clk 0:09:44]} Nd5 {[%clk 0:00:48]} 35. Rc1+ {[%clk 0:09:52]} Kb8
{[%clk 0:01:00]} 36. Ba4 {[%clk 0:08:47]} Rc7 {[%clk 0:01:20]} 37. Rd1
{[%clk 0:08:17]} Nb6 {[%clk 0:01:35]} 38. Bb3 {[%clk 0:08:46]} Rcg7
{[%clk 0:01:37]} 39. Re6 {[%clk 0:04:31]} R3g6 {[%clk 0:01:22]} 40. Re8+
{[%clk 0:04:48]} Ka7 {[%clk 0:01:43]} 41. a4 {[%clk 0:04:00]} Rg1
{[%clk 0:01:52]} 42. Rxg1 {[%clk 0:04:25]} Rxg1+ {[%clk 0:02:17]} 43. Ka2
{[%clk 0:04:52]} Rg7 {[%clk 0:02:16]} 44. Re5 {[%clk 0:05:14]} Nd7
{[%clk 0:02:19]} 45. Rf5 {[%clk 0:05:38]} Nb8 {[%clk 0:02:20]} 46. Bd5
{[%clk 0:05:41]} Rc7 {[%clk 0:02:05]} 47. Bg2 {[%clk 0:04:23]} Nc6
{[%clk 0:02:13]} 1/2-1/2